[Event "Challenge"]
[Site "http://www.queenalice.com/game.php?id=1828296"]
[Date "2024.1.1"]
[Round "-"]
[White "robsonsouza"]
[Black "denisaugusto09"]
[Result "0-1"]
[WhiteElo "1595"]
[BlackElo "2054"]

1. e4 e5 2. Qh5 Nc6 3. Bc4 g6 4. Qf3 Nf6 5. d3 Nd4 6. Qd1 Bg7 7. Be3 Nc6 8. Nf3
O-O 9. Nbd2 d6 10. Bg5 Na5 11. O-O Nxc4 12. Bxf6 Qxf6 13. Nxc4 Bg4 14. d4 Bxf3
15. Qxf3 Qxf3 16. gxf3 exd4 17. Na5 f5 18. Nxb7 Rab8 19. Na5 Rxb2 20. Rfc1 fxe4
21. fxe4 Bh6 22. Rd1 Rxc2 23. Rxd4 Rfxf2 24. Ra4 Rg2+ 25. Kh1 Be3 26. Rb1 Rxh2#
0-1

[Event "Challenge"]
[Site "http://www.queenalice.com/game.php?id=1829895"]
[Date "2024.1.22"]
[Round "-"]
[White "robsonsouza"]
[Black "JoseMessias"]
[Result "0-1"]
[WhiteElo "1593"]
[BlackElo "1620"]

1. e4 e5 2. Qh5 Nc6 3. Bc4 Nh6 4. d3 g6 5. Qf3 Nd4 6. Qd1 d6 7. Bxh6 Bxh6 8. c3
Bg4 9. Qd2 Bxd2+ 10. Kxd2 Qg5+ 11. Ke1 Qc1# 0-1

[Event "Challenge"]
[Site "http://www.queenalice.com/game.php?id=1830028"]
[Date "2024.1.24"]
[Round "-"]
[White "robsonsouza"]
[Black "digger"]
[Result "1-0"]
[WhiteElo "1624"]
[BlackElo "1708"]

1. e4 e5 2. Qh5 Qf6 3. Nc3 Bc5 4. Nf3 d6 5. Nd5 Qd8 6. Bc4 Be6 7. Qg5 f6 8. Qxg7
c6 9. Qxh8 Kf8 10. Ne3 Bxc4 11. Nxc4 Qe7 12. d3 Na6 13. Bh6+ Kf7 14. Qxh7+ Ke8
15. Qxg8+ Kd7 16. Qxa8 Ke6 17. Qc8+ Kf7 18. O-O-O d5 19. exd5 cxd5 20. Na5 Nb4
21. a3 Nc6 22. Nxb7 Nd4 23. Nxc5 a5 24. Nxd4 exd4 25. Rde1 Qd6 26. Qe8# 1-0

[Event "Challenge"]
[Site "http://www.queenalice.com/game.php?id=1830029"]
[Date "2024.1.24"]
[Round "-"]
[White "robsonsouza"]
[Black "JORAM2205"]
[Result "0-1"]
[WhiteElo "1619"]
[BlackElo "2300"]

1. e4 c5 2. Nc3 Nc6 3. Qf3 Nf6 4. Nge2 d6 5. g3 Bg4 6. Qf4 e5 7. Qe3 Nd4 8. Nxd4
cxd4 9. Qd3 dxc3 10. Qxc3 Rc8 11. Qb3 Be7 12. Qxb7 O-O 13. Qxa7 Bf3 14. Rg1 Rxc2
15. Bg2 Bxg2 16. Rxg2 d5 17. exd5 Qxd5 18. Rg1 Rfc8 19. Ke2 Qc4+ 20. Kd1 Rxc1+
21. Rxc1 Qg4+ 22. f3 Qxf3+ 23. Ke1 Rxc1# 0-1

[Event "Let's Play Chess!"]
[Site "http://www.queenalice.com/game.php?id=1830344"]
[Date "2024.2.3"]
[Round "-"]
[White "robsonsouza"]
[Black "igor12345"]
[Result "0-1"]
[WhiteElo "1617"]
[BlackElo "2053"]

1. e4 c5 2. Bc4 Nc6 3. Nc3 Nf6 4. Qf3 d6 5. Bb5 Bd7 6. Bxc6 Bxc6 7. b3 e6 8. d3
Qc7 9. Bb2 Be7 10. Qg3 O-O 11. O-O-O b5 12. Nce2 e5 13. f4 Nd7 14. fxe5 dxe5 15.
d4 cxd4 16. Nh3 Qd8 17. Rhf1 Bxe4 18. Qg4 Bg6 19. Qf3 Qc7 20. Ng5 Qxc2# 0-1

[Event "Let's Play Chess!"]
[Site "http://www.queenalice.com/game.php?id=1830627"]
[Date "2024.2.3"]
[Round "-"]
[White "igor12345"]
[Black "robsonsouza"]
[Result "1-0"]
[WhiteElo "2071"]
[BlackElo "1629"]

1. e4 e5 2. f4 d6 3. f5 Nf6 4. Nc3 a6 5. a3 Nc6 6. Bc4 Bd7 7. Nf3 Nd4 8. O-O
Nxf3+ 9. Qxf3 g6 10. d3 Bg7 11. Bg5 O-O 12. Nd5 b5 13. Bb3 c6 14. Nxf6+ Bxf6 15.
Bxf6 Qxf6 16. fxg6 Qxf3 17. Rxf3 hxg6 18. Rf6 d5 19. Raf1 Be8 20. exd5 cxd5 21.
Bxd5 Rc8 22. c3 a5 23. Rxg6+ Kh8 24. Rg5 Bc6 25. Bxf7 Rc7 26. Bg6 Rxf1+ 27. Kxf1
Rg7 28. h4 b4 29. axb4 a4 30. h5 Rd7 31. Rxe5 Kg7 32. Kf2 Kh6 33. Bf5 Rf7 34. g4
Bb7 35. Ke3 Rg7 36. Ra5 Bc6 37. Ra6 Rc7 38. Be4 Re7 39. Rxc6+ Kg5 40. Rg6+ Kh4
41. b5 a3 42. bxa3 Ra7 43. Ra6 Rc7 44. c4 Kxg4 45. h6 Rc8 46. h7 Rh8 47. Rg6+
Kh5 48. Rg8 Rxh7 49. Bxh7 Kh4 50. Kf4 Kh5 51. Bg6+ Kh6 52. Bf5 Kh5 53. Rh8# 1-0

[Event "Let's Play Chess!"]
[Site "http://www.queenalice.com/game.php?id=1830718"]
[Date "2024.2.3"]
[Round "-"]
[White "Mlintz"]
[Black "robsonsouza"]
[Result "1-0"]
[WhiteElo "1853"]
[BlackElo "1592"]

1. e4 e5 2. Nf3 d6 3. c3 Bg4 4. Be2 Bxf3 5. Bxf3 Nf6 6. Be2 Nxe4 7. Qa4+ Nc6 8.
Qxe4 d5 9. Qc2 e4 10. a3 Ne5 11. d3 exd3 12. Bxd3 Qe7 13. O-O O-O-O 14. Bf5+ Kb8
15. Be3 g6 16. Bh3 Bg7 17. Nd2 b6 18. Rfe1 Nc4 19. Nxc4 dxc4 20. Bxb6 cxb6 21.
Rxe7 Rhe8 22. Rae1 Rh8 23. Rxf7 Bh6 24. g3 Rd2 25. Qe4 Rdd8 26. Qb7# 1-0

[Event "Let's Play Chess!"]
[Site "http://www.queenalice.com/game.php?id=1830720"]
[Date "2024.2.3"]
[Round "-"]
[White "robsonsouza"]
[Black "Mlintz"]
[Result "0-1"]
[WhiteElo "1644"]
[BlackElo "1979"]

1. e4 e5 2. Qh5 Nc6 3. Bc4 Qe7 4. Nc3 Nd4 5. Bb3 c6 6. Nf3 Nxb3 7. cxb3 d6 8.
O-O Qf6 9. Qg5 Qxg5 10. Nxg5 Nf6 11. d3 Be7 12. Be3 O-O 13. d4 Ng4 14. Nh3 f5
15. dxe5 fxe4 16. g3 Nxe3 17. fxe3 Bxh3 18. Rfe1 d5 19. a3 Rf3 20. Ne2 Rxe3 21.
Nd4 Rxe1+ 22. Rxe1 Rf8 23. Ne2 Bg5 24. Nd4 c5 25. Nc2 Rf3 26. b4 c4 27. Nd4 Rd3
28. Ne6 Bxe6 29. h4 Rxg3+ 30. Kh2 Bxh4 31. Rf1 Rh3+ 32. Kg1 e3 33. Re1 Bxe1 34.
Kf1 Bd2 35. Ke2 Bg4+ 36. Kf1 Bf3 37. Kg1 Rh1# 0-1

[Event "Let's Play Chess!"]
[Site "http://www.queenalice.com/game.php?id=1831174"]
[Date "2024.2.9"]
[Round "-"]
[White "igor12345"]
[Black "robsonsouza"]
[Result "0-1"]
[WhiteElo "2073"]
[BlackElo "1617"]

1. e4 e5 2. f4 Nc6 3. Nf3 d6 4. Bc4 Bg4 5. c3 Nf6 6. d3 Bxf3 7. Qxf3 Be7 8. b4
a6 9. a4 exf4 10. Bxf4 Qc8 11. O-O Qd7 12. Nd2 O-O-O 13. a5 Ng4 14. d4 g5 15.
Bg3 h5 16. Qxf7 Rdf8 17. Be6 Rxf7 18. Bxd7+ Kxd7 19. Rxf7 h4 20. Bf2 h3 21. g3
Nh6 22. Rf3 g4 23. Rd3 Na7 24. Be3 Nf7 25. Rf1 Nh6 26. Rf2 Nb5 27. Nc4 Ng8 28.
e5 d5 29. Nb2 Kc8 30. Rf7 Bd8 31. Nd1 Nh6 32. Bxh6 Rxh6 33. Ne3 c6 34. Nxg4 Rg6
35. Nf6 Nc7 36. Rf3 Ne6 37. Ne8 Ng5 38. Nd6+ Kb8 39. Rxb7+ Ka8 40. Rd7 Nxf3+ 41.
Kh1 Bg5 42. Rf7 Nd2 43. Rf2 Nb1 44. c4 dxc4 45. Nxc4 Nc3 46. Re2 Nxe2 0-1

[Event "Challenge"]
[Site "http://www.queenalice.com/game.php?id=1831176"]
[Date "2024.2.9"]
[Round "-"]
[White "robsonsouza"]
[Black "denisaugusto09"]
[Result "0-1"]
[WhiteElo "1594"]
[BlackElo "2056"]

1. e4 e5 2. Nf3 Nc6 3. b3 Bc5 4. Nc3 Nf6 5. Bb2 O-O 6. Nb5 Nxe4 7. Qe2 Nxf2 8.
Rg1 a6 9. Na3 e4 10. Nd4 Nxd4 11. Bxd4 Bxd4 12. c3 Nd3+ 13. Kd1 Bxg1 14. Qxe4
Nf2+ 15. Kc2 Nxe4 16. Nc4 Qg5 17. Bd3 Nxd2 18. Rxg1 Nxc4 19. Bxc4 d5 20. Bd3 Bf5
21. Rd1 Qxg2+ 22. Rd2 Bxd3+ 23. Kxd3 Qe4# 0-1

[Event "Challenge"]
[Site "http://www.queenalice.com/game.php?id=1831278"]
[Date "2024.2.10"]
[Round "-"]
[White "denisaugusto09"]
[Black "robsonsouza"]
[Result "1-0"]
[WhiteElo "2058"]
[BlackElo "1647"]

1. e4 e5 2. Nf3 d6 3. Bc4 Be6 4. Bxe6 fxe6 5. d4 exd4 6. Nxd4 e5 7. Nf3 Nc6 8.
Nc3 Nf6 9. Bg5 Be7 10. Qd2 Ng4 11. Bxe7 Qxe7 12. Nd5 Qd7 13. O-O O-O-O 14. b4
Rhf8 15. b5 Nd4 16. Nxd4 exd4 17. Qxd4 Qxb5 18. Qxa7 Qc4 19. Rab1 Kd7 20. Qxb7
Ke8 21. Nxc7+ Kf7 22. Qb3 Ne5 23. Qxc4+ Nxc4 24. Nd5 Nd2 25. Rb7+ Kg8 26. Re1
Ra8 27. Nb4 Rab8 28. Rxb8 Rxb8 29. c3 Re8 30. f3 Nc4 31. a4 Nb2 32. a5 Na4 33.
Nd5 Ra8 34. Ra1 Nc5 35. Ra3 Nd3 36. a6 Nc5 37. a7 Nd3 38. Nb6 Rd8 39. a8=Q Rxa8
40. Rxa8+ Kf7 41. Nc4 Nc1 42. Nxd6+ Ke7 43. Nf5+ Kf6 44. Kf2 Nd3+ 45. Ke3 Ne1
46. Ra2 g6 47. Nd4 Nxg2+ 48. Rxg2 Ke5 49. f4+ Kf6 50. e5+ Kg7 51. f5 g5 52. h4
1-0

[Event "Challenge"]
[Site "http://www.queenalice.com/game.php?id=1831334"]
[Date "2024.2.11"]
[Round "-"]
[White "robsonsouza"]
[Black "Ricardoabreu"]
[Result "0-1"]
[WhiteElo "1627"]
[BlackElo "1783"]

1. e4 e5 2. Nf3 Qe7 3. Nc3 c6 4. Bc4 g6 5. Ng5 Qxg5 6. g3 b5 7. Bb3 a5 8. O-O
Na6 9. Qf3 Qe7 10. a4 bxa4 11. Nxa4 d6 12. d3 Be6 13. Bxe6 Qxe6 14. Nb6 Rb8 15.
Nc4 Rb5 16. Nxa5 Nb8 17. Nxc6 Nxc6 18. Ra6 Nge7 19. Qe2 Rb8 20. Rd1 Nb4 21. Ra4
Bg7 22. Bd2 Nxc2 23. d4 Nxd4 24. Qa6 O-O 25. Rc1 Nf3+ 26. Kh1 Nxd2 27. Rd1 Nf3
28. Rxd6 Qg4 29. Qe2 Rfc8 30. Ra7 Rd8 31. Rxd8+ Rxd8 32. Rxe7 Bf8 33. Ra7 Rd2
34. Qc4 Qe6 35. Qc7 Rxb2 36. Kg2 Ng5 37. h4 Qh3+ 38. Kg1 Rb1+ 39. Qc1 Rxc1# 0-1

[Event "AUTO-ADV-4767"]
[Site "http://www.queenalice.com/game.php?id=1831405"]
[Date "2024.2.12"]
[Round "1"]
[White "robsonsouza"]
[Black "SGF"]
[Result "1-0"]
[WhiteElo "1591"]
[BlackElo "1804"]

1. e4 e5 2. Qh5 Qf6 3. Nc3 c6 4. Nf3 g6 5. Qg4 h5 6. Qg3 d6 7. d3 Bg4 8. Be2 Nd7
9. Bg5 Qe6 10. O-O Bh6 11. Bxh6 Nxh6 12. b4 a5 13. Ng5 Qf6 14. Bxg4 hxg4 15. b5
Qxg5 16. bxc6 bxc6 17. Rab1 O-O 18. Rb7 Nc5 19. Rb6 Rac8 20. Rfb1 a4 21. a3 Kg7
22. Rd1 f5 23. h3 Qd8 24. Rbb1 Qa5 25. d4 Qxc3 26. Qxc3 Nxe4 27. Qa5 gxh3 28.
Qxa4 Nc3 29. Qa7+ Rf7 30. Qa6 Nxb1 31. Qxc8 Nc3 32. Re1 hxg2 33. Kxg2 exd4 34.
Qxc6 d5 35. Qc5 Ne4 36. Qxd5 Ng4 37. Qxd4+ Kg8 38. Rb1 Kh7 39. f3 Ngf2 40. fxe4
Nxe4 41. Rb8 Nf6 42. a4 Nd7 43. Qh8# 1-0

[Event "AUTO-ADV-4767"]
[Site "http://www.queenalice.com/game.php?id=1831406"]
[Date "2024.2.12"]
[Round "1"]
[White "SGF"]
[Black "robsonsouza"]
[Result "0-1"]
[WhiteElo "1831"]
[BlackElo "1620"]

1. e4 e5 2. Qf3 Nc6 3. c3 a6 4. d3 h6 5. Be2 d6 6. Qg3 Nf6 7. h4 d5 8. exd5 Nxd5
9. b4 g6 10. Bf3 Bf5 11. Kd2 h5 12. Ne2 Nf6 13. Bxc6+ bxc6 14. Ba3 Qxd3+ 15.
Qxd3 Bxd3 16. Kxd3 Ng4 17. Rf1 O-O-O+ 18. Ke4 Bg7 19. Bc1 f5+ 20. Kf3 Rd3+ 21.
Be3 Nh2+ 22. Kg3 Nxf1+ 23. Kh3 Nxe3 24. fxe3 Rxe3+ 25. Ng3 f4 26. Kh2 fxg3+ 27.
Kh3 e4 28. Nd2 Bxc3 29. Rd1 Re2 30. Nc4 Rxa2 31. Ne5 Bxe5 32. Re1 Ra1 33. Rxa1
Bxa1 34. Kxg3 Rd8 35. Kf4 Re8 36. Ke3 c5 37. bxc5 Rd8 38. Kxe4 a5 39. Kf4 a4 40.
Kg5 a3 41. Kxg6 a2 42. Kxh5 Bc3 43. g4 a1=Q 44. g5 Qa5 45. g6 Qxc5+ 46. Kh6 Bd2+
47. Kh7 Qh5+ 48. Kg7 Rd7+ 49. Kf8 Qxg6 50. h5 Qf7# 0-1

[Event "AUTO-ADV-4767"]
[Site "http://www.queenalice.com/game.php?id=1831407"]
[Date "2024.2.12"]
[Round "1"]
[White "robsonsouza"]
[Black "Olipika"]
[Result "0-1"]
[WhiteElo "1641"]
[BlackElo "1746"]

1. e4 c5 2. e5 e6 3. Nc3 Nc6 4. Nf3 d6 5. exd6 Bxd6 6. Nb5 a6 7. Nc3 Nf6 8. d3
h6 9. Be2 O-O 10. O-O b5 11. d4 cxd4 12. Nxd4 Bb7 13. Nxc6 Bxc6 14. Bf3 Bxf3 15.
Qxf3 g5 16. Rd1 Qc7 17. Qxf6 Kh7 18. g3 Ra7 19. b3 Be5 20. Qf3 Bxc3 21. Rb1 f5
22. Qe2 Qf7 23. Qe3 b4 24. Bd2 Rc7 25. Bxc3 Rxc3 26. Qb6 Qe7 27. Qxa6 Rxc2 28.
Qa4 f4 29. Rd7 Qxd7 30. Qxd7+ Kh8 31. Qxe6 fxg3 32. Qe5+ Kg8 33. Qe6+ Kh8 34.
Qxh6+ Kg8 35. Qxg5+ Kh8 36. hxg3 Rfxf2 37. Qf6+ Rxf6 38. Kh1 Rg6 39. Rg1 Rh6#
0-1

[Event "AUTO-ADV-4767"]
[Site "http://www.queenalice.com/game.php?id=1831408"]
[Date "2024.2.12"]
[Round "1"]
[White "Olipika"]
[Black "robsonsouza"]
[Result "1-0"]
[WhiteElo "1797"]
[BlackElo "1631"]

1. d4 d5 2. Bf4 e6 3. Nf3 Nc6 4. e3 a6 5. c4 dxc4 6. Bxc4 Nf6 7. O-O Ne4 8. Nc3
Nxc3 9. bxc3 Bd6 10. Bxd6 Qxd6 11. Rb1 O-O 12. Re1 e5 13. d5 Na5 14. Be2 Qg6 15.
Nxe5 Qf6 16. f4 Bf5 17. g4 Bxb1 18. Qxb1 b5 19. g5 Qd6 20. Qd3 g6 21. h4 f6 22.
h5 fxe5 23. hxg6 hxg6 24. fxe5 Qxe5 25. Qxg6+ Qg7 26. Qe6+ Rf7 27. g6 Rf8 28.
Rf1 Kh8 29. Rxf7 Rxf7 30. Qxf7 Qxf7 31. gxf7 Kg7 32. Bh5 Nc4 33. e4 Nd6 34. Kf2
Nxf7 35. Bxf7 Kxf7 36. Ke3 Ke7 37. Kd4 Kd6 38. e5+ Ke7 39. Kc5 Kd7 40. e6+ Ke7
41. Kc6 Kd8 42. Kb7 a5 43. a3 a4 44. Ka6 Ke7 45. Kxb5 1-0

[Event "AUTO-INT-3866"]
[Site "http://www.queenalice.com/game.php?id=1831452"]
[Date "2024.2.14"]
[Round "1"]
[White "Danado"]
[Black "robsonsouza"]
[Result "0-1"]
[WhiteElo "1569"]
[BlackElo "1568"]

1. e4 e5 2. Nf3 d6 3. Bc4 Bg4 4. h3 Bxf3 5. Qxf3 f6 6. d3 Nc6 7. Bg5 Nd4 8. Qd1
fxg5 9. Bxg8 Rxg8 10. Na3 d5 11. c3 Bxa3 12. bxa3 Ne6 13. O-O d4 14. c4 Nf4 15.
Qf3 Qd7 16. Rac1 O-O-O 17. Rce1 Rgf8 18. Rd1 h5 19. h4 g4 20. Qg3 Ne2+ 0-1

[Event "AUTO-INT-3866"]
[Site "http://www.queenalice.com/game.php?id=1831453"]
[Date "2024.2.14"]
[Round "1"]
[White "robsonsouza"]
[Black "Danado"]
[Result "1-0"]
[WhiteElo "1574"]
[BlackElo "1593"]

1. e4 e6 2. e5 Qg5 3. Nf3 Qg6 4. Nc3 d6 5. Nb5 Kd8 6. exd6 Bxd6 7. Bd3 Qf6 8.
Nxd6 cxd6 9. Bc4 d5 10. Bb3 Ne7 11. d4 h6 12. c3 Nbc6 13. O-O e5 14. dxe5 Qe6
15. g3 Ng6 16. Bxd5 Qd7 17. Bxf7 Ke7 18. Bxg6 Qxd1 19. Rxd1 Rd8 20. Re1 Ke6 21.
b4 Bd7 22. Be4 Rac8 23. Rd1 Rc7 24. Bxc6 Rxc6 25. Nd4+ Ke7 26. Nxc6+ bxc6 27.
Ba3 a6 28. b5+ Ke8 29. bxc6 Bxc6 30. Rxd8+ 1-0

[Event "AUTO-INT-3866"]
[Site "http://www.queenalice.com/game.php?id=1831470"]
[Date "2024.2.14"]
[Round "1"]
[White "robsonsouza"]
[Black "johnny"]
[Result "0-1"]
[WhiteElo "1645"]
[BlackElo "1698"]

1. e4 e5 2. Qh5 Nc6 3. Bc4 g6 4. Qf3 Nf6 5. Nc3 Nd4 6. Qd3 Bc5 7. Nd5 c6 8.
Nxf6+ Qxf6 9. Nf3 d6 10. a3 Bg4 11. c3 Nxf3+ 12. gxf3 Bxf3 13. Rg1 Bxf2+ 14.
Kxf2 Bxe4+ 15. Ke1 Bxd3 16. Bxd3 Qh4+ 17. Kd1 Qxh2 18. Re1 O-O 19. b4 Rfe8 20.
Kc2 Qg3 21. Bb2 Kg7 22. Rg1 Qh4 23. Rh1 Qg4 24. Bc4 d5 25. Bb3 f5 26. Rhg1 Qe4+
27. d3 Qe2+ 28. Kb1 Qxd3+ 29. Bc2 Qe3 30. Ka2 e4 31. Rge1 Qf2 32. Rac1 e3 33.
Rf1 Qxf1 34. Rxf1 e2 35. Re1 f4 36. Bd3 f3 37. Bc1 f2 38. Rxe2 f1=Q 39. Re7+
Rxe7 40. Bxf1 Re1 41. Bd3 Rxc1 42. Kb2 Rg1 43. Kb3 Rf8 44. Bc2 h5 45. Ka4 b6 0-1

[Event "AUTO-INT-3866"]
[Site "http://www.queenalice.com/game.php?id=1831471"]
[Date "2024.2.14"]
[Round "1"]
[White "johnny"]
[Black "robsonsouza"]
[Result "1-0"]
[WhiteElo "1694"]
[BlackElo "1586"]

1. e4 e5 2. Nf3 d6 3. Bc4 Bg4 4. h3 Bxf3 5. Qxf3 f6 6. d3 Nc6 7. c3 Qe7 8. O-O
O-O-O 9. b4 b6 10. b5 Na5 11. Bd5 g6 12. a4 f5 13. exf5 g5 14. Na3 Nh6 15. Rb1
Bg7 16. Re1 e4 17. dxe4 Qe5 18. Bd2 Rhf8 19. g4 Nf7 20. c4 Qd4 21. Bc3 Qxc3 22.
Qxc3 Ne5 23. Qe3 1-0

[Event "AUTO-INT-3866"]
[Site "http://www.queenalice.com/game.php?id=1831472"]
[Date "2024.2.14"]
[Round "1"]
[White "robsonsouza"]
[Black "game"]
[Result "1-0"]
[WhiteElo "1584"]
[BlackElo "1437"]

1. e4 e5 2. Qh5 Nh6 3. Qxe5+ Be7 4. Qxg7 Rf8 5. Qxh6 d5 6. e5 Bg5 7. Qxh7 Nc6 8.
Bb5 Bd7 9. Bxc6 Bxc6 10. Nf3 Qe7 11. O-O O-O-O 12. Nc3 Bb5 13. Nxb5 Rh8 14. Qf5+
Kb8 15. Nxg5 Rh5 16. d4 f6 17. exf6 Qf8 18. Bf4 b6 19. Bxc7+ Kb7 20. Bxd8 Qxd8
21. Rfe1 Qb8 22. Re7+ Ka6 23. Qxd5 Qxh2+ 24. Kf1 Qh1+ 25. Ke2 Qxa1 26. Rxa7# 1-0